<The> Conceptual Model of Collaborative Economy
Nový koncepčný model kooperatívnej ekonomiky, ktorý môže byť použitý pri regulácii časti zdieľanej ekonomiky, ktorá svojou povahou spôsobuje nespravodlivú hospodársku súťaž v podnikateľskom prostredí, keďže v tradičných podnikateľských modeloch na poskytovanie tých istých služieb musia byť znášané d...
Saved in:
| Main Author: | |
|---|---|
| Other Authors: | , |
| Format: | Book Chapter |
| Language: | English |
| Subjects: | |
| Tags: |
No Tags, Be the first to tag this record!
|
MARC
| LEADER | 00000nla a2200000 4500 | ||
|---|---|---|---|
| 001 | 0242808 | ||
| 005 | 20240417075138.1 | ||
| 041 | 0 | |a eng | |
| 044 | |a CZ | ||
| 245 | 1 | 0 | |a <The> Conceptual Model of Collaborative Economy |c Lubor Hruška, Vladimír Krajčík, Ivo Formánek |
| 520 | |a Nový koncepčný model kooperatívnej ekonomiky, ktorý môže byť použitý pri regulácii časti zdieľanej ekonomiky, ktorá svojou povahou spôsobuje nespravodlivú hospodársku súťaž v podnikateľskom prostredí, keďže v tradičných podnikateľských modeloch na poskytovanie tých istých služieb musia byť znášané dodatočné súvisiace náklady s certifikáciou služieb, tréningom v oblasti bezpečnosti a náklady ďalších služieb. | ||
| 610 | 2 | 0 | |a ekonomika zdieľaná |
| 610 | 2 | 0 | |a ekonomika tieňová |
| 610 | 2 | 0 | |a prostredie podnikateľské |
| 610 | 2 | 0 | |a inovácie sociálne |
| 610 | 2 | 0 | |a trh práce |
| 610 | 2 | 0 | |a legislatíva |
| 610 | 2 | 0 | |a zákony ekonomické |
| 100 | 1 | |a Hruška, Lubor | |
| 700 | 1 | |a Krajčík, Vladimír | |
| 700 | 1 | |a Formánek, Ivo | |